Fast Typing WPM - Statistics

General Stats
  • This quiz has been taken 1,173 times
  • The average score is 5 of 10
Answer Stats
The Sentence Your Answer % Correct
A Cat Sat On A Rat And Made Him Flat A Cat Sat On A Rat And Made Him Flat
100%
I Like Cheese Because It Is Really Really Really Yellow I Like Cheese Because It Is Really Really Really Yellow
91%
The Fish Swam Into The Cave To Find His Treasure The Fish Swam Into The Cave To Find His Treasure
83%
The Octopus Has Eight Legs But This Is Ten Words The Octopus Has Eight Legs But This Is Ten Words
72%
Jurassic Park Is About Dinosaurs Who Chase And Eat People Jurassic Park Is About Dinosaurs Who Chase And Eat People
54%
The Monkey Went Bananas Because He Drank My Energy Drink The Monkey Went Bananas Because He Drank My Energy Drink
41%
A Dog Ate My Little Kitten Because She Was Fluffy A Dog Ate My Little Kitten Because She Was Fluffy
25%
Do Not Plagerise Your Work Or Else You Will Fail Do Not Plagerise Your Work Or Else You Will Fail
16%
I Have A Pet Crocodile Which Is Named Cornelius Fudge I Have A Pet Crocodile Which Is Named Cornelius Fudge
8%
An Armidillo Ate An Ant And Afterwards Adventured Amongst Aladdin An Armidillo Ate An Ant And Afterwards Adventured Amongst Aladdin
3%
No matching quizzes found
Score Distribution
Percent of People with Each Score
Percentile by Number Answered
Your Score History
You have not taken this quiz